01095nam a2200265 a 450000100060000000300080000600500170001400800410003103500190007204000330009104100080012408200270013224502590015926000510041830000250046949000680049450000190056265000310058165000240061270000230063670000220065970000430068171000360072483000690076061487BD-RjUL20211209080953.0170118s1968 nyu 001 0 eng d a(BD-RjUL)61611 aDLCcDLCdm.c.dBD-RjULbeng aeng 223a418.0078bINF 196800aInformation in the language sciences :bproceedings of the conference held at Airlie House, Warrenton, Virginia, March 4-6, 1966, under the sponsorship of the center applied linguistics /cEdited by Robert R. Freeman, Alfred Pietrzyk and A. Hood Roberts. aNew York :bAmerican Elsevier Pub. Co.,c1968. axi, 247 p. ;c24 cm.1 aMathematical linguistics and automatic language processing ;v5 aIncludes Index 0aComputational linguistics. 0aInformation theory.1 aFreeman, Robert R.1 aPietrzyk, Alfred.1 aRoberts, A. Hoodq(Aaron Hood),d1928-2 aCenter for Applied Linguistics. 0aMathematical linguistics and automatic language processing ;v5.